| 000 | 00474nam a2200193Ia 4500 | ||
|---|---|---|---|
| 005 | 20250425162010.0 | ||
| 008 | 250425s9999 xx 000 0 und d | ||
| 041 | _aeng | ||
| 082 | _a621.4021 | ||
| 100 | _aWARNER, CECIL F. | ||
| 245 | 0 | _aTHERMODYNAMIC FUNDAMENTALS FOR ENGINEERS | |
| 250 | _aS.E. | ||
| 260 |
_aEstados Unidos _bADAMS _c1966 |
||
| 260 | _aS.L. | ||
| 300 | _a250 | ||
| 650 | _aTERMODINAMICA-PROBLEMAS Y EJERCICIOS | ||
| 942 | _c01 | ||
| 010 | _a39411 | ||
| 999 |
_c220347 _d220347 |
||